000 00695nam a22001935i 4500
001 160590
003 ES-MaACL
005 20250814045710.0
008 011023s1841 fr af |||| | fre d
040 _aCCPB | B
_bspa
_cCCPB | B
100 1 _aNavier, M.
_9130427
245 1 0 _aRésumé des leçons de mécanique
_b: données a l'École Polytechnique /
_cpar M. Navier.
260 _aParis :
_bCarilian-Goeury et Vor. Dalmont, éditeurs,
_c1841 (
_fimprimerie de Fain et Thunot)
300 _a491 p., [4] h. de grab. pleg. ;
_c22 cm.
650 0 7 _aMecánica
_2embne
_914869
752 _aFrancia -
_dParís
852 _aES-MaACL
_jF-5045
_z-- Enc. hol.
999 _c160590
_d160590